000 00243nam a2200109Ia 4500
008 220204s9999 xx 000 0 und d
082 _a82-3
_bQUI
100 _aQuinnnell, A J
245 0 _aMahdi
260 _aLondon
_bFutura
_c1983
942 _cBK
999 _c38703
_d38703